[Event "GRE-ch U20"]
[Site "Trikala"]
[Date "2022.08.30"]
[Round "8"]
[White "Koutras, Konstantinos"]
[Black "Asvestas, Emmanouil"]
[Result "0-1"]
[WhiteElo "1614"]
[BlackElo "1926"]
[PlyCount "78"]
[EventDate "2022.08.25"]
[EventType "swiss"]
[EventRounds "9"]
[EventCountry "GRE"]
[SourceTitle "CBM 210 Extra"]
[Source "ChessBase"]
[SourceDate "2022.11.30"]
[SourceVersion "1"]
[SourceVersionDate "2022.11.30"]
[SourceQuality "1"]

1. e4 e5 2. Nf3 Nc6 3. Bb5 Nge7 4. Nc3 Ng6 5. d4 exd4 6. Nxd4 Nxd4 7. Qxd4 c6 8. Be2 Qb6 9. Qd3 Be7 10. 0-0 0-0 11. a4 d6 12. Be3 Qa5 13. f4 f5 14. Bf3 fxe4 15. Bxe4 d5 16. Bxg6 hxg6 17. Rae1 Bf5 18. Qd1 Bf6 19. Rf2 d4 20. Bxd4 Rad8 21. Rd2 Rxd4 22. Rxd4 Qc5 23. Ne2 Bxc2 24. b4 Bxd1 25. bxc5 Bxe2 26. Rd7 Ba6 27. g4 Bc3 28. Re4 Ra8 29. Kg2 b5 30. Ree7 bxa4 31. Rxa7 Rxa7 32. Rxa7 Bb5 33. g5 Bb4 34. Ra8+ Kh7 35. h4 a3 36. Kg3 Bd3 37. f5 Bxf5 38. Kf4 Bb1 39. h5 gxh5 0-1

[Event "GRE-ch U12"]
[Site "Rio Achaia"]
[Date "2018.07.07"]
[Round "7"]
[White "Asvestas, Emmanouil"]
[Black "Koutras, Konstantinos"]
[Result "1-0"]
[WhiteElo "1409"]
[BlackElo "1148"]
[PlyCount "93"]
[EventDate "2018.07.03"]
[EventType "swiss"]
[EventRounds "9"]
[EventCountry "GRE"]
[SourceTitle "EXT 2019"]
[Source "ChessBase"]
[SourceDate "2018.10.10"]
[SourceVersion "1"]
[SourceVersionDate "2018.10.10"]
[SourceQuality "1"]

1. e4 c5 2. Nc3 e6 3. g3 d5 4. exd5 exd5 5. Bg2 Nf6 6. Nf3 d4 7. Ne2 Nc6 8. 0-0 Bd6 9. d3 0-0 10. Bf4 Bg4 11. Qd2 Re8 12. Rfe1 Bxf4 13. Nxf4 Ne7 14. Ne5 Rb8 15. Nxg4 Nxg4 16. Re2 Qd7 17. Bh3 f5 18. Ne6 Nc6 19. Nxc5 Qd6 20. Nb3 Nge5 21. Bg2 Rbc8 22. Rae1 Re7 23. Qf4 Rce8 24. Bxc6 bxc6 25. Nxd4 Qf6 26. Kf1 c5 27. Nxf5 Re6 28. Nh4 Qe7 29. Nf3 Rf8 30. Qh4 Qf7 31. Qxh7+ Kxh7 32. Ng5+ Kg8 33. Nxf7 Rxf7 34. Rxe5 Ref6 35. R1e2 Rc7 36. Re7 Rxe7 37. Rxe7 Rb6 38. b3 a6 39. Rc7 Rb5 40. a4 Ra5 41. c4 Kh7 42. f4 Kh6 43. g4 g6 44. g5+ Kh5 45. h3 Kh4 46. Kg2 Rb5 47. Rh7# 1-0

[Event "GRE-ch U12"]
[Site "Rio Achaia"]
[Date "2018.07.05"]
[Round "4"]
[White "Despotis, Athanasios"]
[Black "Asvestas, Emmanouil"]
[Result "1/2-1/2"]
[WhiteElo "1167"]
[BlackElo "1409"]
[PlyCount "87"]
[EventDate "2018.07.03"]
[EventType "swiss"]
[EventRounds "9"]
[EventCountry "GRE"]
[SourceTitle "EXT 2019"]
[Source "ChessBase"]
[SourceDate "2018.10.10"]
[SourceVersion "1"]
[SourceVersionDate "2018.10.10"]
[SourceQuality "1"]

1. d4 Nf6 2. c4 e6 3. Nc3 d5 4. cxd5 Nxd5 5. Nf3 Nxc3 6. bxc3 Be7 7. e4 b6 8. Bd3 0-0 9. 0-0 Bb7 10. Re1 Nd7 11. Bf4 Nf6 12. Qc2 h6 13. a4 a6 14. Qd2 Nh7 15. Rab1 Ng5 16. Nxg5 Bxg5 17. Bxg5 Qxg5 18. Qxg5 hxg5 19. c4 a5 20. d5 exd5 21. exd5 Rfe8 22. Be4 Rab8 23. Bf3 Ba6 24. Be2 Re7 25. Bd3 Rbe8 26. Rxe7 Rxe7 27. Kf1 Kf8 28. Rb2 Ke8 29. Re2 Bb7 30. f3 Rxe2 31. Kxe2 Kd7 32. Ke3 Kd6 33. Kd4 Bc8 34. g3 Bd7 35. Bc2 g6 36. Bd1 c5+ 37. dxc6 Bxc6 38. f4 gxf4 39. gxf4 Bd7 40. Bc2 f5 41. h3 Bc6 42. h4 Bd7 43. Bd1 Be8 44. Bc2 1/2-1/2

[Event "GRE-ch U12"]
[Site "Rio Achaia"]
[Date "2018.07.03"]
[Round "1"]
[White "Asvestas, Emmanouil"]
[Black "Alexopoulos, Georgios1111"]
[Result "1-0"]
[WhiteElo "1409"]
[BlackElo "1109"]
[PlyCount "119"]
[EventDate "2018.07.03"]
[EventType "swiss"]
[EventRounds "9"]
[EventCountry "GRE"]
[SourceTitle "EXT 2019"]
[Source "ChessBase"]
[SourceDate "2018.10.10"]
[SourceVersion "1"]
[SourceVersionDate "2018.10.10"]
[SourceQuality "1"]

1. e4 c5 2. Nc3 Nc6 3. g3 d6 4. Bg2 Nf6 5. f4 e6 6. Nf3 Be7 7. 0-0 a6 8. d3 0-0 9. Bd2 Qc7 10. Re1 b5 11. e5 dxe5 12. Nxe5 Bb7 13. Nxc6 Bxc6 14. Qe2 Bxg2 15. Qxg2 Rfd8 16. Re2 Rac8 17. Rae1 c4 18. dxc4 Qxc4 19. Qb7 Bc5+ 20. Be3 Bxe3+ 21. Rxe3 Qc6 22. Qxc6 Rxc6 23. R3e2 Rcd6 24. Kf2 Rd2 25. Rxd2 Rxd2+ 26. Re2 Ng4+ 27. Ke1 Rxe2+ 28. Kxe2 Nf6 29. Kd3 Nd7 30. Kd4 Kf8 31. Ne4 Ke7 32. Nc5 Nb8 33. a4 Kd6 34. Ne4+ Ke7 35. axb5 axb5 36. Kc5 b4 37. Kxb4 Nc6+ 38. Kc5 Kd7 39. Ng5 e5 40. fxe5 Nxe5 41. b4 h6 42. Ne4 f5 43. Nd6 g6 44. Kd5 Nc6 45. Kc5 Nxb4 46. Kxb4 Kxd6 47. Kc4 Kc6 48. Kd4 Kd6 49. c3 g5 50. h3 h5 51. h4 gxh4 52. gxh4 Ke6 53. Ke3 Ke5 54. Kf3 f4 55. c4 Kd4 56. Kxf4 Kxc4 57. Kg5 Kd5 58. Kxh5 Ke6 59. Kg6 Ke7 60. Kg7 1-0